| 000 | 01608nam0a2200325 4500 | ||
|---|---|---|---|
| 001 | RU\NLR\bibl\94598 | ||
| 005 | 20250617081017.0 | ||
| 010 |
_a5-230-03417-3 _9200 |
||
| 021 |
_aRU _b2000-6954 _9348 |
||
| 035 | _a(NLR Aleph) 000092444 | ||
| 090 |
_a519116 _c519116 |
||
| 100 | _a20000628d1998 |||y0rusy50 ca | ||
| 101 | 0 | _arus | |
| 102 | _aRU | ||
| 105 | _aa ||||||||| | ||
| 200 | 1 |
_aРасчет паровых и конденсатных сетей промышленных предприятий _eУчеб.-метод. пособие _fЛ.В. Кудрявцев _gМ-во общ. и проф. образования Рос. Федерации, Волгогр. гос. архит.-строит. акад. |
|
| 210 |
_aВолгоград _cВолгГАСА _d1998 |
||
| 215 |
_a66,[1] с. _cил. _d20 |
||
| 320 | _aБиблиогр.: с. 51 (5 назв.) | ||
| 606 | 0 |
_aТеплофикационные системы _jРуководства, пособия и т.п. для высшей школы _xРасчет _92173869 _3RU\NLR\auth\661307516 |
|
| 606 | 0 |
_aТеплофикационные системы _jУчебные издания для высшей школы _xРасчет _92173869 _3RU\NLR\auth\661307516 |
|
| 686 | _aЗ385-02я73-1 | ||
| 700 | 1 |
_4070 _aКудрявцев _bЛ. В. _cканд. техн. наук, теплоэнергетика _f1940- _gЛеонид Витальевич _9152016 _3RU\NLR\AUTH\770152054 |
|
| 801 | 0 |
_aRU _bNLR _c20000628 _gPSBO |
|
| 801 | 1 |
_aRU _bNLR _c20000628 |
|
| 852 |
_aNLR _j2000-4/2669 |
||
| 942 | _cBOOK | ||
| 980 | _aNB | ||